El Consejo Supremo de Aragón en el reinado de Felipe II (Record no. 126806)

MARC details
000 -LEADER
campo de control de longitud fija 00506nam a2200145 4500
001 - NÚMERO DE CONTROL
campo de control 126806
003 - IDENTIFICADOR DE NÚMERO DE CONTROL
campo de control ES-MaACL
007 - CAMPO FIJO DE DESCRIPCIÓN FÍSICA--INFORMACIÓN GENERAL
campo de control de longitud fija t|
008 - DATOS DE LONGITUD FIJA--INFORMACIÓN GENERAL
campo de control de longitud fija 070214s1914 sp r ||||1| spa d
100 1# - ENTRADA PRINCIPAL--NOMBRE DE PERSONA
Nombre de persona Riba García, Carlos.
9 (RLIN) 96702
245 13 - MENCIÓN DEL TÍTULO
Título El Consejo Supremo de Aragón en el reinado de Felipe II
Resto del título : estudio y transcripción de los documentos originales /
Mención de responsabilidad, etc. por Carlos Riba García.
260 ## - PUBLICACIÓN, DISTRIBUCIÓN, ETC.
Lugar de publicación, distribución, etc. Valencia :
Nombre del editor, distribuidor, etc. Tipografía Moderna,
Fecha de publicación, distribución, etc. 1914.
300 ## - DESCRIPCIÓN FÍSICA
Extensión XCIX, 385 p. ;
Dimensiones 26 x 18 cm.
852 ## - LOCALIZACIÓN
Ubicación ES-MaACL
Número de control de estantería B-4923
Holdings
Estatus retirado Estado de pérdida Estado de daño No para préstamo Biblioteca de origen Biblioteca actual Ubicación en estantería Fecha de adquisición Fuente de adquisición Total de préstamos Signatura topográfica completa Código de barras Visto por última vez Precio de reemplazo Tipo de ítem Koha
        Biblioteca del Ateneo de Madrid Biblioteca del Ateneo de Madrid Sala Pardo Bazán 17/01/2008     B-4923 1132078 23/02/2023 23/02/2023 Libro impreso